[Event "Ruhrgebiet Regionalliga 1617"]
[Site "Germany"]
[Date "2016.09.11"]
[Round "1.8"]
[White "Strathoff, Jens"]
[Black "Bryjak, Hans Guenther"]
[Result "1-0"]
[WhiteElo "2053"]
[BlackElo "1931"]
[PlyCount "81"]
[EventDate "2016.09.11"]
[EventType "team-tourn"]
[EventRounds "9"]
[EventCountry "GER"]
[SourceTitle "EXT 2022"]
[Source "ChessBase"]
[SourceDate "2021.10.06"]
[SourceVersion "1"]
[SourceVersionDate "2021.10.06"]
[SourceQuality "1"]
[WhiteTeam "Brackel SF"]
[BlackTeam "Dortmund SV"]
[WhiteTeamCountry "GER"]
[BlackTeamCountry "GER"]

1. e4 c5 2. c4 Nc6 3. Ne2 e5 4. g3 f5 5. d3 fxe4 6. dxe4 Nd4 7. Bg2 Nf6 8. Nbc3 Be7 9. Nd5 Nxd5 10. exd5 0-0 11. Nc3 d6 12. Be3 Bf5 13. 0-0 Qd7 14. Ne4 b5 15. Bxd4 exd4 16. Rc1 Rab8 17. b3 b4 18. f4 Rbe8 19. Nf2 Qd8 20. Be4 Bxe4 21. Nxe4 Bf6 22. Re1 Qd7 23. Rc2 Qf5 24. Rce2 Rd8 25. Qd3 g6 26. Kg2 Rd7 27. Qf3 Bd8 28. Rf1 Kg7 29. Nf2 g5 30. Re6 gxf4 31. Ne4 Be7 32. g4 Qf7 33. Qh3 Kh8 34. Kf3 Qg7 35. Ke2 d3+ 36. Kxd3 Qd4+ 37. Kc2 Bf6 38. Nxf6 Rxf6 39. Rd1 Rxe6 40. Rxd4 Re3 41. Qh6 1-0

[Event "Ruhrgebiet Regionalliga 1213"]
[Site "Nordrheinwestfalen"]
[Date "2013.03.17"]
[Round "7.1"]
[White "Strathoff, Jens"]
[Black "Happel, Heiner"]
[Result "0-1"]
[WhiteElo "2112"]
[BlackElo "2186"]
[PlyCount "98"]
[EventDate "2012.09.09"]
[EventType "team-tourn"]
[EventRounds "9"]
[EventCountry "GER"]
[SourceTitle "EXT 2020"]
[Source "ChessBase"]
[SourceDate "2019.10.17"]
[SourceVersion "1"]
[SourceVersionDate "2019.10.17"]
[SourceQuality "1"]
[WhiteTeam "Brackel SF"]
[BlackTeam "Koenigsspringer Hamm"]
[WhiteTeamCountry "GER"]
[BlackTeamCountry "GER"]

1. e4 c5 2. c4 Nc6 3. Ne2 g6 4. d4 cxd4 5. Nxd4 Bg7 6. Be3 Nf6 7. Nc3 Ng4 8. Nxc6 Nxe3 9. Nxd8 Nxd1 10. Rxd1 Kxd8 11. Rd3 b6 12. Be2 Bb7 13. f3 d6 14. 0-0 Kd7 15. Rfd1 g5 16. b3 h5 17. Nd5 Be5 18. Ne3 e6 19. g3 Ke7 20. Bf1 Bc6 21. Bg2 Rac8 22. Kf2 a6 23. R3d2 Rhd8 24. Rc2 b5 25. Rdc1 Bd7 26. Bf1 Bd4 27. cxb5 Rxc2+ 28. Rxc2 axb5 29. Bd3 Bb6 30. Ke2 h4 31. g4 Ra8 32. h3 Kf6 33. Nd1 Ke5 34. Kf1 Ra7 35. Nc3 Rc7 36. Ne2 Rxc2 37. Bxc2 b4 38. Bd3 d5 39. Kg2 dxe4 40. Bxe4 Bb5 41. Kf1 f5 42. Bb7 Bd3 43. Ke1 Be3 44. Kd1 fxg4 45. fxg4 Be4 46. Bxe4 Kxe4 47. a3 bxa3 48. Kc2 Kf3 49. Nc3 Kg2 0-1

[Event "GER-chT U20"]
[Site "Osnabrueck"]
[Date "2012.12.29"]
[Round "5.1"]
[White "Peng, Xiang Tobias"]
[Black "Strathoff, Jens"]
[Result "1-0"]
[WhiteElo "1802"]
[BlackElo "2133"]
[PlyCount "59"]
[EventDate "2012.12.27"]
[EventType "team-swiss"]
[EventRounds "7"]
[EventCountry "GER"]
[SourceTitle "EXT 2014"]
[Source "ChessBase"]
[SourceDate "2013.11.20"]
[SourceVersion "1"]
[SourceVersionDate "2013.11.20"]
[SourceQuality "1"]
[WhiteTeam "Heilbronn"]
[BlackTeam "Brackel"]
[WhiteTeamCountry "GER"]
[BlackTeamCountry "GER"]

1. e4 e5 2. f4 d5 3. exd5 exf4 4. Nf3 Nf6 5. Nc3 Bd6 6. Bc4 0-0 7. 0-0 Nbd7 8. d4 Nb6 9. Bb3 Bg4 10. Qd3 Re8 11. Ne5 Bxe5 12. dxe5 Rxe5 13. Bxf4 Re7 14. Bg5 Bh5 15. Bxf6 gxf6 16. Ne4 Bg6 17. Nxf6+ Kf8 18. Qd2 Kg7 19. Qc3 Kf8 20. Ng4 Ke8 21. Nf6+ Kf8 22. Rae1 Nc8 23. Ba4 Qd6 24. Ne8 Qb6+ 25. Kh1 Rxe1 26. Rxe1 f6 27. Nxf6 Qa6 28. Nxh7+ Kg8 29. Nf6+ Kf8 30. Nd7+ 1-0

[Event "GER-chT U20"]
[Site "Osnabrueck"]
[Date "2012.12.29"]
[Round "6.1"]
[White "Strathoff, Jens"]
[Black "Meier, Lars"]
[Result "1/2-1/2"]
[WhiteElo "2133"]
[BlackElo "2045"]
[PlyCount "84"]
[EventDate "2012.12.27"]
[EventType "team-swiss"]
[EventRounds "7"]
[EventCountry "GER"]
[SourceTitle "EXT 2014"]
[Source "ChessBase"]
[SourceDate "2013.11.20"]
[SourceVersion "1"]
[SourceVersionDate "2013.11.20"]
[SourceQuality "1"]
[WhiteTeam "Brackel"]
[BlackTeam "Frankfurt 1860"]
[WhiteTeamCountry "GER"]
[BlackTeamCountry "GER"]

1. e4 d5 2. exd5 Nf6 3. Nf3 Nxd5 4. d4 Nc6 5. Bb5 Bd7 6. c4 Nb6 7. 0-0 e6 8. Re1 Bb4 9. Nc3 0-0 10. a3 Bxc3 11. bxc3 a6 12. Bxc6 Bxc6 13. Ne5 Ba4 14. Qd3 Nd7 15. Nf3 Qf6 16. Rb1 Rab8 17. Rb2 Qg6 18. Qe2 Qh5 19. Bf4 Rfc8 20. Reb1 Bc6 21. Bg3 Qa5 22. Rb3 Qh5 23. R3b2 Qa5 24. Rb3 Qh5 25. Qe3 Bxf3 26. Qxf3 Qxf3 27. gxf3 b6 28. a4 Ra8 29. a5 h6 30. Kf1 g5 31. h4 f5 32. hxg5 hxg5 33. f4 g4 34. f3 gxf3 35. Kf2 Rab8 36. Kxf3 bxa5 37. Rxb8 Rxb8 38. Ra1 Rb3 39. Be1 Nb6 40. Rxa5 Nxc4 41. Rxa6 Nd6 42. Ke2 Kf7 1/2-1/2

[Event "Dortmund Sparkassen op-A"]
[Site "Dortmund"]
[Date "2011.07.31"]
[Round "9"]
[White "Strathoff, Jens"]
[Black "Steinle, Carsten"]
[Result "1-0"]
[WhiteElo "2098"]
[BlackElo "2146"]
[PlyCount "87"]
[EventDate "2011.07.23"]
[EventType "swiss"]
[EventRounds "9"]
[EventCountry "GER"]
[SourceTitle "CBM 143 Extra"]
[Source "ChessBase"]
[SourceDate "2011.08.29"]
[SourceVersion "1"]
[SourceVersionDate "2011.08.29"]
[SourceQuality "1"]

1. e4 e6 2. d4 d5 3. Nd2 Nf6 4. e5 Nfd7 5. c3 c5 6. Bd3 b6 7. f4 cxd4 8. cxd4 Ba6 9. Ndf3 Qc8 10. Ne2 Bxd3 11. Qxd3 Qa6 12. Qxa6 Nxa6 13. Bd2 Rc8 14. a3 Be7 15. Kf2 0-0 16. Rhc1 f6 17. Rxc8 Rxc8 18. Rc1 Rxc1 19. Nxc1 b5 20. Nd3 Nb6 21. Ke2 Kf7 22. Nfe1 Nc4 23. Nc2 Kg6 24. g4 h6 25. Bb4 Nxb4 26. axb4 f5 27. b3 Nb6 28. h3 fxg4 29. hxg4 Na8 30. f5+ Kg5 31. Ne3 Nc7 32. Kf3 exf5 33. gxf5 Bf8 34. Nf4 Bxb4 35. Ne6+ Nxe6 36. fxe6 a5 37. Nxd5 Bf8 38. Ke4 a4 39. bxa4 bxa4 40. Nc3 a3 41. d5 Bd6 42. exd6 Kf6 43. Kd3 g5 44. Kc2 1-0

[Event "Dortmund Sparkassen op-A"]
[Site "Dortmund"]
[Date "2011.07.25"]
[Round "3"]
[White "Strathoff, Jens"]
[Black "Kartsev, Alexandr"]
[Result "0-1"]
[WhiteElo "2098"]
[BlackElo "2196"]
[PlyCount "62"]
[EventDate "2011.07.23"]
[EventType "swiss"]
[EventRounds "9"]
[EventCountry "GER"]
[SourceTitle "CBM 143 Extra"]
[Source "ChessBase"]
[SourceDate "2011.08.29"]
[SourceVersion "1"]
[SourceVersionDate "2011.08.29"]
[SourceQuality "1"]

1. e4 c6 2. d4 d5 3. Nc3 g6 4. Be3 Bg7 5. Qd2 dxe4 6. Nxe4 Nd7 7. Nf3 Ndf6 8. Ng3 Nd5 9. c4 Nxe3 10. fxe3 Nh6 11. Bd3 0-0 12. 0-0 f5 13. Ne2 Nf7 14. e4 fxe4 15. Bxe4 e5 16. Rad1 Nd6 17. Qc2 Nxe4 18. Qxe4 Bf5 19. Qe3 Qb6 20. b3 exd4 21. Nexd4 Rae8 22. Qf2 Bg4 23. Kh1 Rd8 24. Qg3 Rxd4 25. Nxd4 Bxd1 26. Rxf8+ Bxf8 27. Qe5 Qc5 28. Qe6+ Kg7 29. Qd7+ Qe7 30. Ne6+ Kg8 31. Nxf8 Qe1# 0-1

[Event "Ruhrgebiet Regionalliga 1011"]
[Site "Nordrheinwestfalen"]
[Date "2011.03.06"]
[Round "7.2"]
[White "Hillenbrand, Michael"]
[Black "Strathoff, Jens"]
[Result "0-1"]
[WhiteElo "2201"]
[BlackElo "2066"]
[PlyCount "104"]
[EventDate "2010.09.19"]
[EventType "team-tourn"]
[EventRounds "9"]
[EventCountry "GER"]
[SourceTitle "EXT 2020"]
[Source "ChessBase"]
[SourceDate "2019.10.17"]
[SourceVersion "1"]
[SourceVersionDate "2019.10.17"]
[SourceQuality "1"]
[WhiteTeam "Weisse Dame Borbeck"]
[BlackTeam "Brackel SF"]
[WhiteTeamCountry "GER"]
[BlackTeamCountry "GER"]

1. c4 c6 2. Nf3 d5 3. b3 Nf6 4. Bb2 g6 5. g3 Bg7 6. Bg2 0-0 7. 0-0 Re8 8. Qc2 Nbd7 9. cxd5 cxd5 10. Nc3 a6 11. d4 Nb6 12. Ne5 Bf5 13. Qd2 Ne4 14. Nxe4 dxe4 15. Nc4 Nd5 16. Ne3 Bh6 17. Rac1 Qd7 18. Rc5 Bxe3 19. fxe3 b6 20. Rc4 h5 21. Rfc1 Rac8 22. R1c2 a5 23. a3 Qe6 24. Qc1 Rcd8 25. Rc6 Rd6 26. Rxd6 exd6 27. Qd2 Qe7 28. Bc1 Bd7 29. Qe1 f5 30. Bd2 Be6 31. Qc1 Qd7 32. Rc4 Rc8 33. Kf2 Kf7 34. h3 Ne7 35. Rxc8 Qxc8 36. Qb2 Bd5 37. b4 a4 38. b5 Qc4 39. Bb4 Ke6 40. g4 fxg4 41. hxg4 hxg4 42. Qb1 g3+ 43. Ke1 Qxb5 44. Bxe4 g2 45. Kd2 Qc4 46. Bxd5+ Qxd5 47. Qg1 Qg5 48. Kd3 Nd5 49. Bd2 Nf6 50. e4 Qg3+ 51. e3 Qf3 52. d5+ Kd7 0-1

[Event "Ruhrgebiet Regionalliga 1011"]
[Site "Nordrheinwestfalen"]
[Date "2010.11.21"]
[Round "3.1"]
[White "Strathoff, Jens"]
[Black "Roitburd, Talic"]
[Result "1/2-1/2"]
[WhiteElo "2066"]
[BlackElo "2094"]
[PlyCount "36"]
[EventDate "2010.09.19"]
[EventType "team-tourn"]
[EventRounds "9"]
[EventCountry "GER"]
[SourceTitle "EXT 2020"]
[Source "ChessBase"]
[SourceDate "2019.10.17"]
[SourceVersion "1"]
[SourceVersionDate "2019.10.17"]
[SourceQuality "1"]
[WhiteTeam "Brackel SF"]
[BlackTeam "Oberhausen SV II"]
[WhiteTeamCountry "GER"]
[BlackTeamCountry "GER"]

1. e4 c5 2. c4 Nc6 3. Ne2 Nf6 4. Nbc3 e6 5. d4 cxd4 6. Nxd4 Bb4 7. Nxc6 bxc6 8. Bd3 e5 9. 0-0 0-0 10. f4 d6 11. f5 d5 12. exd5 cxd5 13. Nxd5 Nxd5 14. cxd5 Qxd5 15. Qe2 Bb7 16. Be3 Rfd8 17. Bc4 Qe4 18. Rad1 Qh4 1/2-1/2

[Event "Ruhrgebiet Regionalliga 0910"]
[Site "Germany"]
[Date "2010.01.18"]
[Round "5.5"]
[White "Strathoff, Jens"]
[Black "Schaller, Torsten"]
[Result "0-1"]
[WhiteElo "2060"]
[BlackElo "1980"]
[PlyCount "88"]
[EventDate "2009.09.06"]
[EventType "team-tourn"]
[EventRounds "9"]
[EventCountry "GER"]
[SourceTitle "EXT 2011"]
[Source "ChessBase"]
[SourceDate "2010.11.26"]
[SourceVersion "1"]
[SourceVersionDate "2010.11.26"]
[SourceQuality "1"]
[WhiteTeam "Brackel"]
[BlackTeam "Welper SV"]
[WhiteTeamCountry "GER"]
[BlackTeamCountry "GER"]

1. e4 c5 2. c4 Nc6 3. Ne2 Nf6 4. Nbc3 e6 5. d4 cxd4 6. Nxd4 Bb4 7. Qd3 d5 8. Nxc6 bxc6 9. cxd5 exd5 10. exd5 Nxd5 11. Bd2 Qe7+ 12. Qe4 Nxc3 13. Qxe7+ Kxe7 14. Bxc3 Bxc3+ 15. bxc3 Rb8 16. 0-0-0 Be6 17. Rd2 Rhd8 18. Bd3 Bxa2 19. Rxa2 Rxd3 20. Rxa7+ Kf6 21. Kc2 Rbd8 22. Rf1 Rd2+ 23. Kb3 Rb8+ 24. Kc4 Rbb2 25. Kc5 Rxf2 26. Raa1 Rxf1 27. Rxf1+ Ke6 28. Rg1 Rc2 29. c4 f5 30. h4 f4 31. g4 f3 32. Rf1 f2 33. Kd4 Ra2 34. Ke4 Rd2 35. Ke3 Rc2 36. Kd3 Ra2 37. Ke4 c5 38. h5 Rd2 39. Kf4 Rc2 40. Kg3 Ke5 41. h6 gxh6 42. Rh1 Kd4 43. Rd1+ Ke3 44. Kg2 Rxc4 0-1

[Event "Ruhrgebiet Regionalliga 0910"]
[Site "Germany"]
[Date "2009.09.06"]
[Round "1.4"]
[White "Strathoff, Jens"]
[Black "Kelbling, Philipp"]
[Result "1/2-1/2"]
[WhiteElo "2060"]
[BlackElo "2124"]
[PlyCount "46"]
[EventDate "2009.09.06"]
[EventType "team-tourn"]
[EventRounds "9"]
[EventCountry "GER"]
[SourceTitle "EXT 2011"]
[Source "ChessBase"]
[SourceDate "2010.11.26"]
[SourceVersion "1"]
[SourceVersionDate "2010.11.26"]
[SourceQuality "1"]
[WhiteTeam "Brackel"]
[BlackTeam "Bochum SG III"]
[WhiteTeamCountry "GER"]
[BlackTeamCountry "GER"]

1. e4 c5 2. c4 e6 3. Nc3 a6 4. Nge2 Qc7 5. d4 cxd4 6. Nxd4 Nf6 7. Be2 b6 8. 0-0 Bb7 9. Qc2 Be7 10. Be3 d6 11. Rac1 Nbd7 12. f3 Rc8 13. Rfd1 0-0 14. Qd2 Qb8 15. Kh1 Bd8 16. Bg1 Re8 17. Nc2 Bc7 18. Ne3 Ne5 19. Qe1 Qa8 20. a3 Ng6 21. Rd2 Nf4 22. Rcd1 Nxe2 23. Qxe2 Kh8 1/2-1/2

[Event "Dortmund op"]
[Site "Dortmund"]
[Date "2009.07.06"]
[Round "3"]
[White "Strathoff, Jens"]
[Black "Laube, Rainer"]
[Result "1-0"]
[WhiteElo "2060"]
[BlackElo "2169"]
[PlyCount "95"]
[EventDate "2009.07.04"]
[EventType "swiss"]
[EventRounds "9"]
[EventCountry "GER"]
[SourceTitle "CBM 131 Extra"]
[Source "ChessBase"]
[SourceDate "2009.09.03"]
[SourceVersion "2"]
[SourceVersionDate "2009.09.16"]
[SourceQuality "1"]

1. e4 e5 2. Nf3 d6 3. Bc4 Nf6 4. d3 Be7 5. 0-0 0-0 6. c3 c6 7. Bb3 Na6 8. Re1 Nc5 9. Bc2 Bg4 10. d4 Ne6 11. dxe5 Bxf3 12. Qxf3 dxe5 13. Nd2 Qc7 14. Nc4 b5 15. Ne3 g6 16. Nf1 Nh5 17. Bh6 Rfd8 18. Bb3 Bf8 19. Bxf8 Rxf8 20. Bxe6 fxe6 21. Qe3 Nf4 22. Rad1 Qe7 23. Rd2 Rf7 24. g3 Nh5 25. h3 Raf8 26. Nh2 Nf6 27. Red1 h5 28. Kg2 Nh7 29. b4 Qf6 30. Re2 g5 31. Rd3 g4 32. h4 Qg6 33. Kf1 Nf6 34. Ke1 Nd7 35. Qxa7 Nf6 36. Qe3 Ne8 37. Rd8 Qf6 38. Red2 Nc7 39. Rxf8+ Rxf8 40. Rd7 Rf7 41. Rxf7 Kxf7 42. Qb6 Qd8 43. Qxc6 Kf6 44. Ke2 Qb8 45. Nf1 Qa7 46. Nd2 Qb8 47. Qd6 Qc8 48. c4 1-0

[Event "Dortmund Sparkassen op"]
[Site "Dortmund"]
[Date "2008.07.02"]
[Round "4"]
[White "Porth, Hartmut"]
[Black "Strathoff, Jens"]
[Result "1/2-1/2"]
[WhiteElo "2187"]
[BlackElo "2017"]
[PlyCount "70"]
[EventDate "2008.06.30"]
[EventType "swiss"]
[EventRounds "9"]
[EventCountry "GER"]
[SourceTitle "CBM 125 Extra"]
[Source "ChessBase"]
[SourceDate "2008.09.01"]
[SourceVersion "1"]
[SourceVersionDate "2008.09.01"]
[SourceQuality "1"]

1. e4 e5 2. Nf3 Nc6 3. Bb5 g6 4. 0-0 Bg7 5. a3 Nge7 6. Nc3 0-0 7. Bc4 d6 8. d3 h6 9. Be3 Kh7 10. d4 exd4 11. Nxd4 Nxd4 12. Bxd4 Bxd4 13. Qxd4 f5 14. Bd5 c6 15. Bb3 fxe4 16. Nxe4 Nf5 17. Qd2 d5 18. Ng3 Nd6 19. Rfe1 Qf6 20. c3 Bf5 21. f3 Rae8 22. Rxe8 Rxe8 23. Re1 Rxe1+ 24. Qxe1 Be6 25. Qe3 a6 26. a4 Bf7 27. f4 Kg7 28. Bc2 Nc4 29. Qc1 d4 30. Ne4 Qd8 31. Bd3 Qb6 32. Bxc4 Bxc4 33. a5 Qxa5 34. cxd4 Bd5 35. Nc3 Be6 1/2-1/2